Resutados Módulo sobre Victimización. Encuesta de Hogares de Propósitos Múltiples julio 2008/
Na minha lista:
| Formato: | Texto |
|---|---|
| Idioma: | Spanish |
| Assuntos: | |
| Tags: |
Adicionar Tag
Sem tags, seja o primeiro a adicionar uma tag!
|
MARC
| LEADER | 00000 a a2200000 04500 | ||
|---|---|---|---|
| 001 | 40449 | ||
| 003 | cru IIS | ||
| 005 | 20221108104844.0 | ||
| 008 | 221108b |||||||| |||| 00| 0 spa d | ||
| 040 | |c cru IIS | ||
| 082 | |2 RE 02.04.02 I59vi | ||
| 245 | |a Resutados Módulo sobre Victimización. Encuesta de Hogares de Propósitos Múltiples julio 2008/ |c INEC | ||
| 500 | |a Este módulo se incluye por pirmera vez en más de una década, y obedece a la creciente preocupación que existe en el país porla (ins) seguridad ciudadana y a la necesidad de contar con información oficial fidedigna sobr este fenómeno. | ||
| 650 | 4 | |9 4375 |a ENCUESTAS DE HOGARES | |
| 650 | 0 | |9 928 |a VICTIMAS | |
| 650 | 0 | |9 5241 |a ESTADISTICAS | |
| 773 | |g ( Noviembre, 2008) | ||
| 942 | |2 ddc |c RE | ||
| 999 | |c 44629 |d 44629 | ||
